Départements qui bordent la Belgique - Statistiques

Statistiques générales
  • Ce quiz a été pris 12 381 fois
  • Le résultat moyen est 4 sur 5
Réponses sur la Carte
Les réponses sont colorées sur une échelle allant du rouge au vert en fonction du pourcentage des utilisateurs qui les ont devinées à leur premier essai. Vous pouvez retrouver ces pourcentages ci-dessous.
 
Statistiques - réponses
Département % Correct
59 Nord
98%
8 Ardennes
81%
54 Meurthe-et-Moselle
79%
2 Aisne
75%
55 Meuse
73%
Aucun quiz correspondant
Distribution des résultats
% des personnes avec chaque résultat
Percentile par nombre de réponses
Votre historique - résultats
Vous n’avez pas pris ce quiz